Why buildings fall down (Record no. 106402)

MARC details
000 -LEADER
fixed length control field 00866cam a2200217 4500
001 - CONTROL NUMBER
control field L136481
008 - FIXED-LENGTH DATA ELEMENTS--GENERAL INFORMATION
fixed length control field 070202n2002 000 0 eng u
020 ## - INTERNATIONAL STANDARD BOOK NUMBER
International Standard Book Number 039331152x
-- 9780393311525
035 ## - SYSTEM CONTROL NUMBER
System control number (Sirsi) u136481
050 ## - LIBRARY OF CONGRESS CALL NUMBER
Classification number 690.25 $2 18
100 ## - MAIN ENTRY--PERSONAL NAME
Personal name Levy, Matthys
245 ## - TITLE STATEMENT
Title Why buildings fall down
Remainder of title how structures fail
260 ## - PUBLICATION, DISTRIBUTION, ETC.
Place of publication, distribution, etc. New York
Name of publisher, distributor, etc. W W norton & Co Ltd
Date of publication, distribution, etc. 2002
300 ## - PHYSICAL DESCRIPTION
Extent 346p
Other physical details ill.
Dimensions 24cm.
350 ## - PRICE (NR) (BK AM CF MU VM SE) [OBSOLETE]
Price 11.50
520 ## - SUMMARY, ETC.
Summary, etc. Covers the history of architectural and structural disasters, from ancient time to the present. Examines buildings of all kinds with subjects ranging from the man-caused destruction of the Parthenon to the earthquake damage of 1989 in Armenia and San Francisco.
651 #4 - SUBJECT ADDED ENTRY--GEOGRAPHIC NAME
Geographic name International
690 ## - LOCAL SUBJECT ADDED ENTRY--TOPICAL TERM (OCLC, RLIN)
Topical term or geographic name as entry element BUILT ENVIRONMENT-CONSTRUCTION DESIGN-ARCHITECTURAL DESIGN
700 1# - ADDED ENTRY--PERSONAL NAME
Personal name Salvadori, Mario
942 ## - ADDED ENTRY ELEMENTS (KOHA)
Suppress in OPAC 0
Holdings
Withdrawn status Lost status Source of classification or shelving scheme Damaged status Not for loan Home library Current library Shelving location Date acquired Cost, normal purchase price Total Checkouts Full call number Barcode Date last seen Date last checked out Copy number Cost, replacement price Price effective from Koha item type
    Dewey Decimal Classification     London London Books 19/02/2007 7.59 3 690.25 LEV 30073687 06/08/2019 29/11/2007 1 7.59 06/08/2019 Book